Euroopan valtioiden pääkaupungit - Statistics

Yleistilastot
  • Tätä visaa on pelattu 156 kertaa
  • Keskiarvotulos 27 / 45
Vastaukset kartalla
Vastauksille on annettu kartalla punavihreä väri sen mukaan, kuinka moni on saanut sen oikein.
 
Vastaustilastot
Vastaus % Oikein
Helsinki
84%
Pariisi
84%
Oslo
83%
Ateena
81%
Lontoo
81%
Madrid
81%
Reykjavik
81%
Tukholma
80%
Moskova
78%
Dublin
77%
Kööpenhamina
77%
Rooma
77%
Berliini
75%
Lissabon
75%
Amsterdam
73%
Tallinna
73%
Luxemburg
70%
Bryssel
67%
Riika
67%
Vilna
64%
Minsk
63%
Wien
61%
Bern
59%
Kiova
59%
Varsova
59%
Vatikaanikaupunki
59%
Praha
58%
Andorra la Vella
56%
Monaco
55%
San Marino
55%
Valletta
53%
Sarajevo
50%
Sofia
50%
Bukarest
48%
Bratislava
44%
Zagreb
42%
Budapest
41%
Chișinău
41%
Vaduz
41%
Belgrad
38%
Ljubljana
36%
Tirana
36%
Pristina
33%
Skopje
33%
Podgorica
30%
Ehtoja vastaavia visoja ei löytynyt
Tulosjakauma
Jokaisen tuloksen saaneiden osuus
Persentiili vastausten määrän mukaan
Tuloshistoriasi
Et ole pelannut tätä visaa